FAKE Rappers - Sudden Death - Statistics

General Stats
  • This quiz has been taken 10 times
  • The average score is 3 of 10
Answers on the Grid
Answers color-coded by a green-red scale on the quiz's grid according to % correct below.
$uicideboy$
3PAC
6ix9ine
A$AP Yams
A-F-R-O
Arabian Prince
Autumn!
B.o.B
Big Donkey
Big L
Big Pun
Big Unc
BLP Kosher
Blueface
Bobby Creekwater
Bobby Shmurda
Bruce Wayne
Bugz
Chamillionaire
CJ
CRAY-Z
DJ Makes Ca$h
Enimem
Fat Boys
Fat Joe
FBG Duck
Flight
Ghostface Killah
GloRilla
Havoc
IDK
Joey Bada$$
JT
Krayzie Bone
Layzie Bone
Lil 1/2 Dead
Lil Dads
Lil Dicky
Lil Fame!!!
Lil Happy Lil Sad
Lil Loser
Lil Ronny Motha F
Lil Xan
Lloyd Banks
Lose Yourself
Ludacris
Madvillain
Mo Money Mo Bamba
Ol' Dirty Bastard
Queen Von
Supa Hot Fire
Tony Yayo
Tory Lanez
Trippie Redd
Ugly God
Waka Flocka Flame
Young Lean
Young Nudy
youngboy lil jeff again
Yuno Miles
 
Answer Stats
Answer % Correct
Big Donkey
43%
Bruce Wayne
43%
Enimem
43%
CRAY-Z
29%
Lose Yourself
29%
Mo Money Mo Bamba
29%
DJ Makes Ca$h
14%
Lil Loser
14%
Queen Von
14%
youngboy lil jeff again
14%
No matching quizzes found
Score Distribution
Percent of People with Each Score
Percentile by Number Answered
Your Score History
You have not taken this quiz